Mỹ học
Giới thiệu về mỹ học của Hêghen: ý niệm cái đẹp trong nghệ thuật hay ý tưởng (cái đẹp nói chung, cái đẹp trong tự nhiên, trong nghệ thuật hay lý tưởng); Sự phát triển của lý tưởng trong những hình thức đặc thù của cái đẹp nghệ thuật tượng trưng...
Spremljeno u:
| Glavni autor: | |
|---|---|
| Daljnji autori: | |
| Format: | Knjiga |
| Jezik: | Vietnamese |
| Izdano: |
H.
Nxb. Văn học
2005
|
| Teme: | |
| Oznake: |
Dodaj oznaku
Bez oznaka, Budi prvi tko označuje ovaj zapis!
|
| Thư viện lưu trữ: | Mạng thư viện Đại học Đà Nẵng |
|---|
| LEADER | 01354nam a2200337 4500 | ||
|---|---|---|---|
| 001 | 000004294 | ||
| 003 | 427 | ||
| 005 | 20121211001213.0 | ||
| 008 | 110719s2005 viesd | ||
| 020 | |c 150000đ | ||
| 041 | 0 | |a vie | |
| 082 | |a 111 |b HEG | ||
| 100 | 0 | |a Hêghen | |
| 245 | 0 | |a Mỹ học |c Hêghen ; Phan Ngọc giới thiệu, dịch | |
| 260 | |a H. |b Nxb. Văn học |c 2005 | ||
| 300 | |a 1057tr |c 24cm | ||
| 500 | |a Dịch theo bản tiếng Nga | ||
| 520 | |a Giới thiệu về mỹ học của Hêghen: ý niệm cái đẹp trong nghệ thuật hay ý tưởng (cái đẹp nói chung, cái đẹp trong tự nhiên, trong nghệ thuật hay lý tưởng); Sự phát triển của lý tưởng trong những hình thức đặc thù của cái đẹp nghệ thuật tượng trưng | ||
| 653 | |a Mỹ học | ||
| 700 | |a Phan Ngọc |e Giới thiệu và dịch | ||
| 910 | |d 19/07/2011 | ||
| OWN | |a LSP | ||
| AVA | |a UDN50 |b LSP |d 111 HEG |e available |t Error 5001 Not defined in file expand_doc_bib_avail. |f 5 |g 0 |h N |i 0 |k 1 | ||
| 999 | |a From the UDN01 | ||
| AVA | |a UDN50 |b LSP |d 111 HEG |e available |t Error 5001 Not defined in file expand_doc_bib_avail. |f 5 |g 0 |h N |i 0 |k 1 | ||
| TYP | |a Monograph | ||
| TYP | |a Printed language | ||
| 980 | |a Mạng thư viện Đại học Đà Nẵng | ||